Practical orthopedics (Record no. 32437)

MARC details
000 -LEADER
fixed length control field 00677nam a2200181 a 4500
008 - FIXED-LENGTH DATA ELEMENTS--GENERAL INFORMATION
fixed length control field 110929s1980 ||||||||||||||||| || u
020 ## - INTERNATIONAL STANDARD BOOK NUMBER
International Standard Book Number 0815158637
050 ## - LIBRARY OF CONGRESS CALL NUMBER
Classification number RD 731 Mer
100 ## - MAIN ENTRY--PERSONAL NAME
Personal name Mercier, Lonnie R
245 10 - TITLE STATEMENT
Title Practical orthopedics
Statement of responsibility, etc. By Lonnie R. Mercier and Fred J. Pettid
260 ## - PUBLICATION, DISTRIBUTION, ETC.
Place of publication, distribution, etc. Chicago:
Name of publisher, distributor, etc. Year Book Medical publishers, Inc
Date of publication, distribution, etc. 1980
300 ## - PHYSICAL DESCRIPTION
Extent xiii, 299p. ill.
350 ## -
-- 0.00
650 ## - SUBJECT ADDED ENTRY--TOPICAL TERM
Topical term or geographic name entry element ORTHOPAEDICS
650 ## - SUBJECT ADDED ENTRY--TOPICAL TERM
Topical term or geographic name entry element ORTHOPEDIA
700 ## - ADDED ENTRY--PERSONAL NAME
Personal name Pettid, Fred J
995 ## -
-- MEDICAL LIBRARY OPEN ACCESS
-- 0.00
-- 901207
-- CBU-SCHOOL OF MEDICINE LIBRARY (Ndola)
-- 1
-- 0.00
-- RD 731 MER
-- 1
-- AVAILABLE
-- Sep 29, 2011
-- 901207
-- Medical Library Open Access Collection
999 ## -
-- 32437
-- 32437
Holdings
Withdrawn status Lost status Source of classification or shelving scheme Damaged status Not for loan Permanent Location Current Location Shelving location Date acquired Total Checkouts Full call number Barcode Date last seen Price effective from Koha item type
          CBU-SCHOOL OF MEDICINE LIBRARY, NDOLA. CBU-SCHOOL OF MEDICINE LIBRARY, NDOLA.   11/30/2022   RD 731 Mer 901207 11/30/2022 11/30/2022 MONOGRAPH